LEADER 01071nam a22002771i 4500 001 991004148309707536 005 20031023121420.0 008 031111s1992 it |||||||||||||||||ita 020 $a8807820498 035 $ab12530414-39ule_inst 035 $aARCHE-056368$9ExL 040 $aDip.to Lingue$bita$cA.t.i. Arché s.c.r.l. Pandora Sicilia s.r.l. 082 04$a833.6 100 1 $aKleist, Heinrich :$cvon$086899 245 13$aLa marchesa di O... ; Michael Kohlhaas /$cHeinrich von Kleist ; introduzione di Dacia Maraini ; traduzione e cura di Silvia Bortoli 260 $aMilano :$bFeltrinelli,$c1992 300 $a172 p. ;$c19 cm 440 0$aUniversale economica.$pI classici 700 1 $aBortoli, Silvia 700 1 $aMaraini, Dacia 907 $a.b12530414$b02-04-14$c13-11-03 912 $a991004148309707536 945 $aLE012 838.6 KLE 8$g1$i2012000215870$lle012$o-$pE0.00$q-$rl$s- $t0$u6$v0$w6$x0$y.i12973129$z13-11-03 996 $aMarchesa di O... ; Michael Kohlhaas$9173370 997 $aUNISALENTO 998 $ale012$b13-11-03$cm$da $e-$fita$git $h3$i1 LEADER 01514nam 2200385z- 450 001 9910694442903321 005 20100303083740.0 035 $a(CKB)5860000000027884 035 $a(BIP)022270968 035 $a(EXLCZ)995860000000027884 100 $a20220406c2008uuuu -u- - 101 0 $aeng 200 10$aLow Income Home Energy Assistance program $eoverview and current issues : hearing before the Subcommittee on Healthy Families and Communities, Committee on Education and Labor, U.S. House of Representatives, One Hundred Tenth Congress, first session, hearing held in Washington, DC, November 13, 2007 215 $a1 online resource (iii, 80 p.) $cill 311 $a0-16-080916-9 517 $aLow Income Home Energy Assistance Program 606 $aPoor$xEnergy assistance$zUnited States 606 $aEconomic assistance, Domestic$zUnited States 606 $aPower resources$zUnited States$xForecasting 606 $aEnergy consumption$zUnited States$xCosts 610 $aEconomic assistance, domestic 610 $aPoor 610 $aPower resources 610 $aEnergy consumption 610 $aPolitical science 610 $aSocial science 610 $aTechnology & engineering 615 0$aPoor$xEnergy assistance 615 0$aEconomic assistance, Domestic 615 0$aPower resources$xForecasting. 615 0$aEnergy consumption$xCosts. 906 $aBOOK 912 $a9910694442903321 996 $aLow Income Home Energy Assistance program$93216012 997 $aUNINA LEADER 01036nas 2200385 c 450 001 9910892120103321 005 20260218113054.0 011 $a2184-9218 035 $a(DE-599)ZDB3178680-7 035 $a(OCoLC)1427521790 035 $a(DE-101)1319283306 035 $a(CKB)5590000001288453 035 $a(DE-599)3178680-7 035 $a(EXLCZ)995590000001288453 100 $a20240214a20219999 |y | 101 0 $aeng 135 $aur||||||||||| 181 $ctxt$2rdacontent 182 $cc$2rdamedia 183 $acr$2rdacarrier 200 00$aArchivo papers$ejournal of photography and visual culture 210 31$a[Erscheinungsort nicht ermittelbar]$cArchivo Press$d03.05.2021- 215 $aOnline-Ressource 517 1 $aAPJournal 517 1 $aArchivo Papers Journal 517 1 $aAPJ 608 $aZeitschrift$2gnd-content 676 $a770 801 0$b0012 801 1$bDE-101 801 2$b9999 906 $aJOURNAL 912 $a9910892120103321 996 $aArchivo papers$94441456 997 $aUNINA